[Event "Lloyds Bank op 18th"]
[Site "London"]
[Date "1994.??.??"]
[Round "3"]
[White "Brown, Simon D"]
[Black "Abd Mariam, John NT"]
[Result "1-0"]
[WhiteElo "2295"]
[BlackElo "2175"]
[PlyCount "79"]
[EventDate "1994.08.??"]
[EventType "swiss"]
[EventRounds "10"]
[EventCountry "ENG"]
[SourceTitle "EXT 2000"]
[Source "ChessBase"]
[SourceDate "1999.11.16"]
[SourceVersion "1"]
[SourceVersionDate "1999.11.16"]
[SourceQuality "1"]

1. d4 g6 2. c4 Bg7 3. Nc3 d6 4. e4 Nc6 5. d5 Nd4 6. Be3 c5 7. dxc6 Nxc6 8. Be2 Nf6 9. h3 0-0 10. Nf3 Qa5 11. Nd2 Nd7 12. Rc1 Nc5 13. a3 Ne6 14. Nb3 Qd8 15. 0-0 b6 16. f4 Nc5 17. Nd2 a5 18. Ndb1 Bd7 19. Bf3 Rb8 20. b3 Kh8 21. Rf2 Qe8 22. Nd5 f5 23. b4 axb4 24. axb4 Nxe4 25. Bxe4 fxe4 26. b5 Na5 27. Bxb6 Nb7 28. Bd4 e5 29. fxe5 dxe5 30. Rxf8+ Qxf8 31. Be3 Nc5 32. Nbc3 Nd3 33. Ra1 Nf4 34. Nxe4 Be6 35. b6 Qd8 36. Ra5 Bxd5 37. cxd5 Rxb6 38. d6 Rb2 39. d7 Rb7 40. Ra8 1-0

[Event "BCF-ch 81st"]
[Site "Norwich"]
[Date "1994.??.??"]
[Round "7"]
[White "Buckley, Graeme N"]
[Black "Abd Mariam, John NT"]
[Result "1-0"]
[WhiteElo "2295"]
[BlackElo "2175"]
[PlyCount "47"]
[EventDate "1994.08.??"]
[EventType "swiss"]
[EventRounds "11"]
[EventCountry "ENG"]
[SourceTitle "EXT 2000"]
[Source "ChessBase"]
[SourceDate "1999.11.16"]
[SourceVersion "1"]
[SourceVersionDate "1999.11.16"]
[SourceQuality "1"]

1. d4 g6 2. e4 Bg7 3. c4 d6 4. Nc3 Nc6 5. d5 Nd4 6. Be3 c5 7. Nge2 Nxe2 8. Bxe2 Nf6 9. 0-0 0-0 10. Rb1 Qa5 11. a3 a6 12. b4 Qc7 13. bxc5 dxc5 14. Qb3 Rb8 15. h3 Bd7 16. f4 b5 17. e5 Nh5 18. cxb5 axb5 19. Bxb5 Ng3 20. Rfc1 g5 21. Qa4 gxf4 22. Bxf4 Bxe5 23. Bxg3 Rxb5 24. Nxb5 1-0

[Event "BCF-ch 81st"]
[Site "Norwich"]
[Date "1994.??.??"]
[Round "3"]
[White "McFarland, Robert S"]
[Black "Abd Mariam, John NT"]
[Result "1/2-1/2"]
[WhiteElo "2290"]
[BlackElo "2175"]
[PlyCount "65"]
[EventDate "1994.08.??"]
[EventType "swiss"]
[EventRounds "11"]
[EventCountry "ENG"]
[SourceTitle "EXT 2000"]
[Source "ChessBase"]
[SourceDate "1999.11.16"]
[SourceVersion "1"]
[SourceVersionDate "1999.11.16"]
[SourceQuality "1"]

1. Nf3 g6 2. g3 Bg7 3. Bg2 e5 4. d3 d6 5. c4 c5 6. Nc3 Nc6 7. a3 a5 8. Nd5 Nge7 9. Bg5 h6 10. Bf6 Kf8 11. Nd2 Bxf6 12. Nxf6 Kg7 13. Nde4 Rb8 14. 0-0 Be6 15. e3 Ng8 16. Nxg8 Rxg8 17. Nc3 Qd7 18. b3 f5 19. f4 Kh7 20. Kh1 Rg7 21. Ra2 Rbg8 22. Raf2 Kh8 23. Nd5 Qd8 24. Qd2 Rf8 25. Qb2 g5 26. Nc3 Qf6 27. Ne2 Qg6 28. fxe5 Nxe5 29. Qc3 Ng4 30. Rf3 Qh5 31. h3 Ne5 32. R3f2 Ng4 33. Rf3 1/2-1/2